000 01094cam a2200325 i 4500
001 20315790
005 20250401164840.0
008 180129s2018 enka b 001 0 eng
010 _a 2018003020
020 _a9781138787865 (hardback)
020 _z9781315314174 (ebook)
042 _apcc
082 0 0 _a687.0687 CHE
100 1 _aCheng, Peter
245 1 0 _aSupply Chain Risk Management In The Apparel Industry
264 1 _aLondon ;
_aNew York :
_bRoutledge, Taylor & Francis Group,
_c2018.
300 _a135 pages :
_billustrations ;
_c25 cm.
336 _atext
_btxt
_2rdacontent
337 _aunmediated
_bn
_2rdamedia
338 _avolume
_bnc
_2rdacarrier
504 _aIncludes bibliographical references (pages 124-131) and index.
650 0 _aClothing Trade
650 0 _aBusiness Logistics;
650 0 _aInternational trade;
700 1 _aFu, Yelin,
700 1 _aLai, Kin Keung,
906 _a7
_bcbc
_corignew
_d1
_eecip
_f20
_gy-gencatlg
942 _cBK
999 _c43511
_d43511